[Event "Bad Woerishofen op"]
[Site "?"]
[Date "2000.??.??"]
[Round "2"]
[White "Malik, Rosemarie"]
[Black "Becka, Yaromir"]
[Result "0-1"]
[WhiteElo "1248"]
[BlackElo "1666"]
[Annotator "ChessOrg"]
[PlyCount "132"]
[EventDate "2000.??.??"]
[Source "ChessBase"]
[SourceDate "1998.04.29"]

1. e4 e5 2. Nf3 d6 3. Bc4 Nf6 4. Nc3 a6 5. a3 b5 6. Ba2 c5 7. d3 Be7 8. Bd2 O-O
9. O-O Bg4 10. Re1 h6 11. Nd5 Nc6 12. c3 Nh7 13. Ne3 Be6 14. Bd5 Rc8 15. Bxe6
fxe6 16. Nf1 Bg5 17. b4 Qf6 18. Ra2 Bf4 19. Bxf4 exf4 20. Rc2 e5 21. Rce2 g5
22. h3 Qe6 23. N1h2 h5 24. Rd2 Rc7 25. bxc5 dxc5 26. Kf1 Rg7 27. Ng1 Qg6 28. f3
Nf6 29. Qb3+ Kh8 30. Qe6 Ne8 31. Qxg6 Rxg6 32. Ree2 Nf6 33. Rf2 Na5 34. Rb2 Rd8
35. Rfd2 Rg7 36. Ne2 Rgd7 37. Ke1 Rxd3 38. Nf1 Nc4 39. Rxd3 Rxd3 40. Ra2 g4 41.
hxg4 hxg4 42. Nh2 g3 43. Ng4 Nxg4 44. fxg4 Ne3 45. Rd2 Nxg2+ 46. Kd1 Ne3+ 47.
Ke1 Rxd2 48. Kxd2 Nxg4 49. Ke1 c4 50. Kf1 Nf6 51. Ng1 Nxe4 52. Nf3 Nc5 53. Nxe5
Kg7 54. Nf3 Kf6 55. Ke2 Kf5 56. Nd4+ Ke4 57. Nc2 Nd3 58. Nd4 Nc1+ 59. Ke1 Nb3
60. Ne2 Ke3 61. Nd4 Nxd4 62. cxd4 Kxd4 63. Ke2 Ke4 64. Kf1 f3 65. Kg1 c3 66.
Kf1 c2 0-1

[Event "Bad Woerishofen op"]
[Site "?"]
[Date "2000.??.??"]
[Round "4"]
[White "Malik, Rosemarie"]
[Black "Bister, Hans-Bernd"]
[Result "0-1"]
[WhiteElo "1248"]
[BlackElo "1490"]
[Annotator "ChessOrg"]
[PlyCount "132"]
[EventDate "2000.??.??"]
[Source "ChessBase"]
[SourceDate "1998.04.29"]

1. e4 c5 2. Nf3 Nc6 3. d4 cxd4 4. Nxd4 Nf6 5. Nc3 a6 6. Be3 e6 7. Bc4 Bb4 8. f3
b5 9. Bb3 Na5 10. O-O Nc4 11. Bxc4 bxc4 12. Nde2 O-O 13. a3 Be7 14. Kh1 d5 15.
exd5 exd5 16. Re1 Bb7 17. Nd4 Qd7 18. Re2 Bd6 19. Bf2 Rae8 20. Rxe8 Rxe8 21.
Qf1 Bf4 22. Re1 h6 23. Rxe8+ Qxe8 24. Nce2 Bc7 25. c3 Nd7 26. f4 Nc5 27. Bg3
Nd3 28. Qb1 Qe3 29. a4 Bc8 30. h3 h5 31. Qg1 Qe4 32. f5 Bxg3 33. Nxg3 Qe5 34.
Nge2 g5 35. Nc1 Nxb2 36. Nf3 Qxf5 37. Nd4 Qe4 38. Qh2 Qe1+ 39. Qg1 Qxc3 40. Nc6
Be6 41. Ne2 Qd3 42. Nc1 Qd1 43. Qxd1 Nxd1 44. a5 Nc3 45. Nb4 Bc8 46. Kg1 Kf8
47. Kf2 Ke8 48. Ke3 Bb7 49. Kd4 Nb5+ 50. Kc5 Kd7 51. g3 f5 52. Ne2 Kc7 53. Nc2
c3 54. Kb4 d4 55. Ncxd4 Nxd4 56. Nxc3 Bg2 57. h4 gxh4 58. gxh4 f4 59. Nd1 Nf5
60. Nf2 Nxh4 61. Nd3 f3 62. Nc5 f2 63. Nxa6+ Kc8 64. Nc5 f1=Q 65. a6 Qe1+ 66.
Kb5 Qe5 0-1

[Event "Bad Woerishofen op"]
[Site "?"]
[Date "2000.??.??"]
[Round "7"]
[White "Malik, Rosemarie"]
[Black "Schoeffler, Hera"]
[Result "1-0"]
[WhiteElo "1248"]
[BlackElo "1390"]
[Annotator "ChessOrg"]
[PlyCount "75"]
[EventDate "2000.??.??"]
[Source "ChessBase"]
[SourceDate "1998.04.29"]

1. e4 e5 2. Nf3 Nc6 3. Bb5 Nge7 4. c3 a6 5. Ba4 b5 6. Bb3 h6 7. d4 exd4 8. cxd4
Na5 9. Bc2 Bb7 10. Nbd2 Ng6 11. O-O Be7 12. b3 O-O 13. Bb2 Bb4 14. Rb1 Nh4 15.
Bc1 Re8 16. d5 c6 17. a3 Bxd2 18. Bxd2 Nxf3+ 19. Qxf3 Bc8 20. Rfe1 Nb7 21. b4
Nd6 22. Qg3 Nc4 23. Bxh6 Qf6 24. Bc1 cxd5 25. Bg5 Qg6 26. exd5 Rxe1+ 27. Rxe1
f5 28. h4 d6 29. Qd3 Ne5 30. Qe2 Bb7 31. f4 Nc4 32. Qe6+ Qxe6 33. dxe6 Nxa3 34.
Bxf5 Bc6 35. e7 Nc2 36. Bxc2 Kf7 37. Bb3+ Ke8 38. Re6 1-0

[Event "Bad Woerishofen op"]
[Site "Bad Woerishofen"]
[Date "2000.??.??"]
[Round "9"]
[White "Malik, Rosemarie"]
[Black "Wendel, Walter"]
[Result "1-0"]
[WhiteElo "1248"]
[BlackElo "1600"]
[Annotator "ChessOrg"]
[PlyCount "77"]
[EventDate "1998.03.05"]
[Source "ChessBase"]
[SourceDate "1998.04.29"]

1. e4 d6 2. Nf3 Nf6 3. Nc3 c5 4. d3 Nc6 5. Be3 Ng4 6. Bf4 e5 7. Bg3 h5 8. h3
Nf6 9. Be2 Nd4 10. Nxd4 cxd4 11. Nb5 Qa5+ 12. Qd2 Qxb5 13. b3 b6 14. O-O Bb7
15. a4 Qc5 16. Rac1 Rc8 17. Qg5 Qa3 18. Qd2 g6 19. Bh4 Ng8 20. c3 f6 21. cxd4
Bh6 22. Rxc8+ Bxc8 23. Qc2 Kd7 24. Bg3 Bb7 25. dxe5 fxe5 26. f4 exf4 27. Bxf4
Bxf4 28. Rxf4 Ne7 29. Rf1 Rc8 30. Qd2 Rc5 31. Re1 Re5 32. Bf3 Nc6 33. d4 Ra5
34. d5 Ne5 35. Be2 Ba6 36. Bxa6 Rxa6 37. Qc2 Ke7 38. Qc8 Kf6 39. Qxa6 1-0

[Event "Bad Woerishofen op"]
[Site "?"]
[Date "2000.??.??"]
[Round "2"]
[White "Manfeldt, Alfred"]
[Black "Girod, Gudrun"]
[Result "1/2-1/2"]
[WhiteElo "1723"]
[BlackElo "1500"]
[Annotator "ChessOrg"]
[PlyCount "120"]
[EventDate "2000.??.??"]
[Source "ChessBase"]
[SourceDate "1998.04.29"]

1. d4 d5 2. Nf3 Nf6 3. Bf4 e6 4. Nbd2 Be7 5. e3 Nbd7 6. Bd3 c5 7. c3 O-O 8. O-O
c4 9. Bc2 Nb6 10. Be5 Ng4 11. h3 Nxe5 12. Nxe5 Bd7 13. f4 f5 14. Rf3 Be8 15. g4
Nd7 16. Nxd7 Qxd7 17. Rg3 Bh4 18. Rg2 Be7 19. Nf3 Qc7 20. Ne5 Kh8 21. Qf3 g6
22. Kh2 Qb6 23. Rag1 Rd8 24. gxf5 exf5 25. Bb1 Qd6 26. Qf2 a5 27. a3 b5 28. Bc2
a4 29. Bd1 Qb6 30. Kh1 Qd6 31. Rh2 Qb6 32. h4 Rg8 33. h5 g5 34. fxg5 Rxg5 35.
Rxg5 Bxg5 36. Qxf5 Qf6 37. Qh3 Qf8 38. Ng6+ Bxg6 39. hxg6 h6 40. Bc2 Qg7 41.
Qe6 Rf8 42. Kg2 Qf6 43. Qxf6+ Rxf6 44. Rh3 Kg7 45. Rf3 h5 46. Rxf6 Bxf6 47. Bf5
h4 48. Be6 Kxg6 49. Bxd5 Bg5 50. e4 Bc1 51. Bc6 Bxb2 52. Bxb5 Bxc3 53. d5 Bb2
54. Bxc4 Bxa3 55. Bb5 Bd6 56. Bxa4 Kg5 57. Bd7 Kf4 58. Bf5 Kg5 59. Kf3 Bf4 60.
Ke2 Be5 1/2-1/2

[Event "Bad Woerishofen op"]
[Site "?"]
[Date "2000.??.??"]
[Round "4"]
[White "Manfeldt, Alfred"]
[Black "Voegerl, Johann"]
[Result "1-0"]
[WhiteElo "1723"]
[BlackElo "1500"]
[Annotator "ChessOrg"]
[PlyCount "119"]
[EventDate "2000.??.??"]
[Source "ChessBase"]
[SourceDate "1998.04.29"]

1. d4 d5 2. Nf3 Nf6 3. Bf4 e6 4. Nbd2 Bd6 5. Be5 Nc6 6. e3 a6 7. c3 O-O 8. Bd3
Ng4 9. Bg3 Be7 10. Qc2 f5 11. h3 Nf6 12. Ne5 Ne4 13. Nxc6 bxc6 14. Be5 Bf6 15.
Nf3 Bxe5 16. Nxe5 Bb7 17. Bxe4 fxe4 18. O-O-O Qd6 19. Rhf1 c5 20. f4 c4 21. g4
a5 22. a3 Bc8 23. h4 c5 24. h5 cxd4 25. exd4 Qe7 26. Qh2 Ra6 27. Ng6 Qd6 28.
Nxf8 Kxf8 29. Qh4 Kg8 30. h6 g6 31. Qf6 Ra7 32. Qe5 Qb6 33. f5 Rb7 34. Rd2 Qb3
35. fxg6 Qa2 36. gxh7+ Kxh7 37. Kd1 e3 38. Qxe3 e5 39. Rf5 Bxf5 40. gxf5 Qb1+
41. Ke2 Qxf5 42. dxe5 Qh5+ 43. Kf1 Rf7+ 44. Rf2 Qh1+ 45. Ke2 Qh5+ 46. Ke1 Qh1+
47. Kd2 Rxf2+ 48. Qxf2 Qxh6+ 49. Qe3 Qh2+ 50. Kc1 Qh1+ 51. Kc2 Qh2+ 52. Kb1
Qh1+ 53. Ka2 Qd1 54. Qd4 Qb3+ 55. Kb1 Qb7 56. e6 Kg8 57. Qf6 Qh7+ 58. Ka2 Qb7
59. Qd8+ Kg7 60. Qd7+ 1-0

[Event "Bad Woerishofen op"]
[Site "?"]
[Date "2000.??.??"]
[Round "5"]
[White "Manfeldt, Alfred"]
[Black "Schratzenstaller, Andreas"]
[Result "0-1"]
[WhiteElo "1723"]
[BlackElo "1828"]
[Annotator "ChessOrg"]
[PlyCount "120"]
[EventDate "2000.??.??"]
[Source "ChessBase"]
[SourceDate "1998.04.29"]

1. d4 Nf6 2. Nf3 d5 3. Bf4 Bf5 4. e3 e6 5. Bd3 Bxd3 6. Qxd3 a6 7. Nbd2 Bd6 8.
Be5 Nbd7 9. O-O O-O 10. c4 Bxe5 11. Nxe5 Nxe5 12. dxe5 dxc4 13. Qxd8 Rfxd8 14.
Nxc4 Nd5 15. Rfd1 b5 16. Na5 c5 17. Nb7 Rdc8 18. Rd2 Nb6 19. b3 c4 20. Rd6 cxb3
21. axb3 Nd5 22. g3 Nb4 23. Rd7 Nc6 24. f4 Nb8 25. Rd3 Nc6 26. Rad1 g6 27. Rd7
a5 28. Nd6 Rf8 29. Rc7 Nb4 30. Rb7 Nd5 31. Nxb5 Rab8 32. Rxb8 Rxb8 33. Nd4 Nxe3
34. Ra1 Rb4 35. Nc6 Rxb3 36. Nxa5 Rb2 37. h3 Rg2+ 38. Kh1 Rxg3 39. Kh2 Rg2+ 40.
Kh1 Rf2 41. Ra4 Nd5 42. Kg1 Rxf4 43. Rxf4 Nxf4 44. Kh2 Kg7 45. Kg3 Nd3 46. Nc4
f5 47. exf6+ Kxf6 48. Ne3 h5 49. Kh4 Nb4 50. Kg3 Nd5 51. Ng2 g5 52. Ne1 Kf5 53.
Nf3 e5 54. Nd2 e4 55. Nc4 h4+ 56. Kf2 Kf4 57. Nd6 e3+ 58. Ke2 Nc3+ 59. Ke1 g4
60. hxg4 h3 0-1

[Event "Bad Woerishofen op"]
[Site "?"]
[Date "2000.??.??"]
[Round "7"]
[White "Manfeldt, Alfred"]
[Black "Escher, Helmut"]
[Result "0-1"]
[WhiteElo "1723"]
[BlackElo "2050"]
[Annotator "ChessOrg"]
[PlyCount "110"]
[EventDate "2000.??.??"]
[Source "ChessBase"]
[SourceDate "1998.04.29"]

1. d4 Nf6 2. Nf3 g6 3. Bf4 Bg7 4. Nbd2 d6 5. e4 O-O 6. c3 c6 7. Be2 Bg4 8. h3
Bxf3 9. Bxf3 Nbd7 10. O-O Qc7 11. Bh2 e5 12. Nc4 b5 13. dxe5 dxe5 14. Ne3 Rad8
15. Qc2 Nc5 16. Rad1 Ne6 17. g3 Bh6 18. Ng4 Nxg4 19. Bxg4 Ng7 20. Rxd8 Rxd8 21.
Rd1 Bg5 22. h4 Be7 23. Rxd8+ Qxd8 24. Qd1 Qxd1+ 25. Bxd1 Bc5 26. Kf1 Kf8 27. g4
Bd6 28. Bc2 Ke7 29. f3 Ne6 30. Ke2 f6 31. Bb3 Nc5 32. Bc2 a5 33. Bg1 Ne6 34.
Be3 Bc5 35. Bd2 Bg1 36. Bb3 h5 37. gxh5 gxh5 38. Kf1 Bh2 39. Kf2 a4 40. Bc2 Bf4
41. Be3 Bxe3+ 42. Kxe3 Nf4 43. Kf2 Kd6 44. b3 axb3 45. axb3 Kc5 46. Ke3 b4 47.
c4 Ng2+ 48. Kd3 Nxh4 49. Ke3 Ng2+ 50. Kf2 Nf4 51. Bd1 h4 52. Be2 Kd4 53. Bf1
Kc3 54. Ke3 c5 55. Be2 h3 0-1

[Event "Bad Woerishofen op"]
[Site "Bad Woerishofen"]
[Date "2000.??.??"]
[Round "9"]
[White "Manfeldt, Alfred"]
[Black "Ziegler, Heinz"]
[Result "1-0"]
[WhiteElo "1723"]
[BlackElo "1500"]
[Annotator "ChessOrg"]
[PlyCount "47"]
[EventDate "1998.03.05"]
[Source "ChessBase"]
[SourceDate "1998.04.29"]

1. d4 d5 2. Nf3 Nf6 3. Bf4 e6 4. e3 h6 5. Nbd2 Bd6 6. Be5 Bxe5 7. Nxe5 Nbd7 8.
f4 c6 9. Bd3 Qb6 10. Rb1 c5 11. c3 c4 12. Bc2 Qc7 13. O-O O-O 14. Rf3 Rd8 15.
Rh3 Nxe5 16. fxe5 Nd7 17. Qg4 Kf8 18. Rf1 b5 19. Rg3 Ke7 20. Qxg7 Rf8 21. Rgf3
Nxe5 22. dxe5 Ke8 23. Bg6 Bb7 24. Rxf7 1-0

[Event "Bad Woerishofen op"]
[Site "?"]
[Date "2000.??.??"]
[Round "2"]
[White "Margraf, Achim"]
[Black "Dryzek, Tadeusz"]
[Result "1/2-1/2"]
[WhiteElo "1883"]
[BlackElo "2183"]
[Annotator "ChessOrg"]
[PlyCount "81"]
[EventDate "2000.??.??"]
[Source "ChessBase"]
[SourceDate "1998.04.29"]

1. Nf3 Nf6 2. c4 e6 3. b3 c5 4. Bb2 Nc6 5. e3 d5 6. cxd5 exd5 7. d4 cxd4 8.
Nxd4 Bb4+ 9. Bc3 Qa5 10. Bxb4 Qxb4+ 11. Qd2 Qxd2+ 12. Nxd2 Nxd4 13. exd4 O-O
14. f3 Bf5 15. g4 Bg6 16. h4 h5 17. g5 Ne8 18. Bh3 Nd6 19. f4 Rae8+ 20. Kf2 Bd3
21. Rhe1 Ne4+ 22. Nxe4 Bxe4 23. Rac1 Re7 24. Bg2 Rfe8 25. Bxe4 Rxe4 26. Rxe4
Rxe4 27. Kf3 Rxd4 28. Rc7 Rd3+ 29. Ke2 Rh3 30. Rxb7 Rxh4 31. Kf3 Rh3+ 32. Kg2
Rc3 33. Rxa7 d4 34. b4 h4 35. b5 h3+ 36. Kh2 d3 37. Rd7 Ra3 38. b6 Rxa2+ 39.
Kxh3 Rb2 40. b7 d2 41. Rxd2 1/2-1/2

[Event "Bad Woerishofen op"]
[Site "?"]
[Date "2000.??.??"]
[Round "4"]
[White "Margraf, Achim"]
[Black "Junker, Wilfried"]
[Result "1/2-1/2"]
[WhiteElo "1883"]
[BlackElo "1750"]
[Annotator "ChessOrg"]
[PlyCount "60"]
[EventDate "2000.??.??"]
[Source "ChessBase"]
[SourceDate "1998.04.29"]

1. Nf3 Nf6 2. c4 e6 3. b3 c5 4. Bb2 d5 5. cxd5 exd5 6. e3 Be7 7. Be2 Nc6 8. O-O
O-O 9. d4 b6 10. Nbd2 Bf5 11. a3 Rc8 12. Rc1 Ne4 13. Re1 h6 14. Nf1 Re8 15. Ng3
Nxg3 16. hxg3 Bf6 17. Bb5 Bd7 18. Qd2 Na5 19. Qd3 Bxb5 20. Qxb5 c4 21. bxc4
Nxc4 22. Qb3 Qd6 23. Rc3 Re7 24. Rec1 Rec7 25. R1c2 Na5 26. Qa4 Rxc3 27. Rxc3
Rxc3 28. Bxc3 Qc6 29. Qb4 Nc4 30. Qb3 Be7 1/2-1/2

[Event "Bad Woerishofen op"]
[Site "?"]
[Date "2000.??.??"]
[Round "7"]
[White "Margraf, Achim"]
[Black "Erler, Klaus-Juergen"]
[Result "1-0"]
[WhiteElo "1883"]
[BlackElo "1750"]
[Annotator "ChessOrg"]
[PlyCount "45"]
[EventDate "2000.??.??"]
[Source "ChessBase"]
[SourceDate "1998.04.29"]

1. Nf3 Nf6 2. c4 d6 3. d4 c6 4. b3 g6 5. Bb2 Bg7 6. e3 O-O 7. Bd3 Qc7 8. h3
Nbd7 9. Nc3 e5 10. O-O Re8 11. Qc2 Nf8 12. dxe5 dxe5 13. Rfd1 Bd7 14. Rac1 Rad8
15. b4 Bc8 16. a4 a5 17. b5 c5 18. e4 Ne6 19. Nd5 Nxd5 20. cxd5 Nd4 21. Nxd4
exd4 22. Qxc5 Qf4 23. Bxd4 1-0

[Event "Bad Woerishofen op"]
[Site "?"]
[Date "2000.??.??"]
[Round "8"]
[White "Margraf, Achim"]
[Black "Diete, Guenter"]
[Result "1-0"]
[WhiteElo "1883"]
[BlackElo "1655"]
[Annotator "ChessOrg"]
[PlyCount "133"]
[EventDate "2000.??.??"]
[Source "ChessBase"]
[SourceDate "1998.04.29"]

1. Nf3 Nf6 2. c4 b5 3. e3 bxc4 4. Bxc4 e6 5. d4 Be7 6. O-O O-O 7. b3 d5 8. Bd3
Nbd7 9. Ba3 c5 10. Nbd2 cxd4 11. Bxe7 Qxe7 12. Nxd4 Bb7 13. Rc1 Rac8 14. Bb1
Rxc1 15. Qxc1 Rc8 16. Qb2 Qc5 17. Ne2 Qd6 18. Rc1 Qb8 19. Nf3 Ba6 20. Ng3 Nf8
21. Rc3 Rxc3 22. Qxc3 Qb6 23. h3 N6d7 24. Nh5 f6 25. Qb2 Qb5 26. Ng3 e5 27. Qa3
Qb6 28. Nf5 Ne6 29. Ne7+ Kh8 30. Nxd5 Qb5 31. Qd6 Qf1+ 32. Kh2 Ndf8 33. Bf5 Bc8
34. Bxe6 Nxe6 35. Nc7 h6 36. Nxe6 Bxe6 37. Qxe6 Qxf2 38. Qc8+ Kh7 39. Qf5+ Kg8
40. e4 Qxa2 41. Qe6+ Kh7 42. Nh4 Qd2 43. Qf5+ Kg8 44. Qg4 Kf7 45. Nf5 g6 46.
Nxh6+ Qxh6 47. Qd7+ Kf8 48. Qxa7 Qf4+ 49. Kh1 Qxe4 50. Qb8+ Ke7 51. Qa7+ Kd6
52. Qa6+ Qc6 53. Qd3+ Ke6 54. Qxg6 Qc1+ 55. Kh2 Qf4+ 56. Qg3 Qd4 57. Qg4+ f5
58. Qxd4 exd4 59. Kg3 Kd5 60. Kf3 Ke5 61. g3 Kd5 62. h4 Kc5 63. h5 Kb4 64. h6
Kc3 65. h7 Kc2 66. h8=Q d3 67. Qc8+ 1-0

[Event "Bad Woerishofen op"]
[Site "?"]
[Date "2000.??.??"]
[Round "1"]
[White "Meyer, Walter"]
[Black "Schneider, Georg"]
[Result "0-1"]
[WhiteElo "1777"]
[BlackElo "2140"]
[Annotator "ChessOrg"]
[PlyCount "38"]
[EventDate "2000.??.??"]
[Source "ChessBase"]
[SourceDate "1998.04.29"]

1. c4 Nf6 2. Nc3 g6 3. g3 Bg7 4. Bg2 O-O 5. d3 c6 6. Nf3 d6 7. O-O Bg4 8. Qb3
Qd7 9. e3 Na6 10. d4 Rab8 11. Qa3 Bh3 12. b4 Bxg2 13. Kxg2 Nc7 14. c5 a6 15.
Qb3 b6 16. Rd1 bxc5 17. dxc5 Nfd5 18. Bb2 Rxb4 19. Qc2 Rxb2 0-1

[Event "Bad Woerishofen op"]
[Site "?"]
[Date "2000.??.??"]
[Round "3"]
[White "Meyer, Walter"]
[Black "Schmidt, Erhard"]
[Result "1/2-1/2"]
[WhiteElo "1777"]
[BlackElo "2208"]
[Annotator "ChessOrg"]
[PlyCount "64"]
[EventDate "2000.??.??"]
[Source "ChessBase"]
[SourceDate "1998.04.29"]

1. c4 c5 2. Nc3 Nf6 3. g3 d5 4. cxd5 Nxd5 5. Bg2 e6 6. Nf3 Nc6 7. O-O Be7 8. d3
O-O 9. Bd2 a6 10. a3 Nc7 11. Rc1 e5 12. Na4 Ne6 13. Be3 Qa5 14. Bd2 Qc7 15. Nc3
Rd8 16. Ne1 Qd6 17. Nd5 Bf8 18. b4 cxb4 19. Nxb4 Ncd4 20. Nd5 Qxa3 21. Nc2 Qb3
22. e3 Nxc2 23. Qxc2 Qxc2 24. Rxc2 Bd7 25. Ba5 Ba4 26. Rc3 Rdc8 27. Nb6 Rxc3
28. Bxc3 Rd8 29. Nxa4 b5 30. Nb2 f6 31. Bb7 Ba3 32. Bxa6 b4 1/2-1/2

[Event "Bad Woerishofen op"]
[Site "?"]
[Date "2000.??.??"]
[Round "5"]
[White "Meyer, Walter"]
[Black "Margraf, Achim"]
[Result "0-1"]
[WhiteElo "1777"]
[BlackElo "1883"]
[Annotator "ChessOrg"]
[PlyCount "140"]
[EventDate "2000.??.??"]
[Source "ChessBase"]
[SourceDate "1998.04.29"]

1. c4 Nf6 2. Nc3 e6 3. d4 Bb4 4. Bd2 b6 5. e3 Bb7 6. Nf3 O-O 7. g3 Bxc3 8. Bxc3
Ne4 9. Bg2 Qf6 10. O-O Nxc3 11. bxc3 d6 12. Rb1 Be4 13. Rb3 c5 14. Re1 Nc6 15.
Nd2 Bxg2 16. Kxg2 Na5 17. Rb1 Rac8 18. Qe2 Rc7 19. Rec1 Rfc8 20. Qf1 e5 21. d5
Qg6 22. Nb3 Nxb3 23. axb3 Qf5 24. f3 a5 25. e4 Qg5 26. f4 exf4 27. Qxf4 Qxf4
28. gxf4 Re7 29. Kf3 Rce8 30. Re1 f5 31. e5 dxe5 32. fxe5 Rxe5 33. Rxe5 Rxe5
34. Kf4 Re2 35. Rd1 Kf7 36. Kxf5 Ke7 37. h4 Re3 38. h5 Rxc3 39. Re1+ Kd7 40.
Rg1 g6+ 41. hxg6 hxg6+ 42. Rxg6 Rxb3 43. Rg7+ Kd6 44. Rg6+ Ke7 45. Rg7+ Kf8 46.
Rb7 a4 47. Ke6 a3 48. Ra7 Re3+ 49. Kd6 Rc3 50. Kc6 Rxc4 51. Rxa3 Rd4 52. Ra8+
Kf7 53. d6 c4 54. d7 Ke7 55. Kc7 Rxd7+ 56. Kxb6 Kd6 57. Rh8 Re7 58. Kb5 Rc7 59.
Rd8+ Ke5 60. Kb6 Rh7 61. Kb5 c3 62. Rc8 Kd4 63. Rd8+ Ke3 64. Re8+ Kd2 65. Rd8+
Kc1 66. Kc4 c2 67. Kd3 Rh3+ 68. Kc4 Rh7 69. Kd3 Rb7 70. Rc8 Kb1 0-1

[Event "Bad Woerishofen op"]
[Site "?"]
[Date "2000.??.??"]
[Round "7"]
[White "Meyer, Walter"]
[Black "Wieprecht, Gerhard"]
[Result "0-1"]
[WhiteElo "1777"]
[BlackElo "1855"]
[Annotator "ChessOrg"]
[PlyCount "58"]
[EventDate "2000.??.??"]
[Source "ChessBase"]
[SourceDate "1998.04.29"]

1. c4 Nf6 2. Nc3 e6 3. Nf3 d5 4. cxd5 exd5 5. d4 c6 6. e3 Bd6 7. g3 O-O 8. Bg2
Nbd7 9. O-O Re8 10. Re1 Nf8 11. a3 Ng6 12. Bd2 Bf5 13. Rc1 Ne4 14. Na4 Qd7 15.
Nc5 Nxc5 16. dxc5 Be5 17. Bc3 Bxc3 18. Rxc3 Bg4 19. Qd2 Qf5 20. Nd4 Qf6 21. h3
Bd7 22. Kh2 h5 23. e4 h4 24. exd5 hxg3+ 25. fxg3 Rxe1 26. dxc6 bxc6 27. Nxc6
Rae8 28. Qxd7 R1e2 29. Rf3 Rxg2+ 0-1

[Event "Bad Woerishofen op"]
[Site "Bad Woerishofen"]
[Date "2000.??.??"]
[Round "9"]
[White "Meyer, Walter"]
[Black "Reer, Erdmann"]
[Result "0-1"]
[WhiteElo "1777"]
[BlackElo "2158"]
[Annotator "ChessOrg"]
[PlyCount "82"]
[EventDate "1998.03.05"]
[Source "ChessBase"]
[SourceDate "1998.04.29"]

1. c4 e5 2. Nc3 Nc6 3. g3 g6 4. Bg2 Bg7 5. d3 d6 6. Nf3 Nge7 7. O-O O-O 8. Rb1
Be6 9. Ng5 Bf5 10. Nd5 h6 11. Nxe7+ Qxe7 12. Ne4 Be6 13. Nc3 f5 14. Bd5 Bxd5
15. Nxd5 Qd7 16. b4 Nd8 17. b5 Ne6 18. e3 c6 19. Nc3 f4 20. f3 Rf7 21. e4 fxg3
22. hxg3 Raf8 23. Kg2 Nd4 24. f4 exf4 25. Rxf4 Ne6 26. Rxf7 Qxf7 27. Ne2 Qf3+
28. Kh3 Nd4 29. Nc3 Qf6 30. Bb2 Nf3 31. Kg2 Ng5 32. Qe2 Qe6 33. Rh1 cxb5 34.
cxb5 Kh7 35. a4 Bd4 36. Nd1 Bxb2 37. Nxb2 d5 38. Qe3 Qf6 39. exd5 Qxb2+ 40. Kg1
Qf6 41. d6 Qf1+ 0-1

[Event "Bad Woerishofen op"]
[Site "?"]
[Date "2000.??.??"]
[Round "2"]
[White "Michalowski, Richard"]
[Black "Elster, Welf"]
[Result "0-1"]
[WhiteElo "1591"]
[BlackElo "1765"]
[Annotator "ChessOrg"]
[PlyCount "100"]
[EventDate "2000.??.??"]
[Source "ChessBase"]
[SourceDate "1998.04.29"]

1. c4 Nf6 2. d4 g6 3. Nc3 d5 4. cxd5 Nxd5 5. e4 Nxc3 6. bxc3 Bg7 7. Nf3 c5 8.
Be3 Qa5 9. Qd2 Nc6 10. Rd1 Bg4 11. Be2 Rd8 12. O-O Bxf3 13. Bxf3 cxd4 14. cxd4
Qxd2 15. Rxd2 Bxd4 16. Rfd1 e5 17. Bxd4 Nxd4 18. Kf1 Ke7 19. Rc1 Rc8 20. Rxc8
Rxc8 21. Bd1 Rc3 22. f3 a5 23. Kf2 b5 24. Kg3 Kd6 25. Bb3 f6 26. Bg8 h6 27. Bh7
g5 28. Kg4 Rc2 29. Rxc2 Nxc2 30. Kh5 Ne1 31. Kxh6 Nxg2 32. Kh5 Nf4+ 33. Kg4 Ne6
34. Bg8 Nd4 35. Bd5 b4 36. Bg8 a4 37. h3 b3 38. axb3 axb3 39. Bf7 b2 40. Ba2
Nb5 41. Bb1 Nc3 42. Bc2 b1=Q 43. Bxb1 Nxb1 44. h4 gxh4 45. Kxh4 Nd2 46. Kg4 Ke6
47. Kg3 Kf7 48. Kf2 Kg6 49. Ke2 Nb3 50. Ke3 Kg5 0-1

[Event "Bad Woerishofen op"]
[Site "?"]
[Date "2000.??.??"]
[Round "5"]
[White "Michalowski, Richard"]
[Black "Borger, Martin"]
[Result "0-1"]
[WhiteElo "1591"]
[BlackElo "1760"]
[Annotator "ChessOrg"]
[PlyCount "62"]
[EventDate "2000.??.??"]
[Source "ChessBase"]
[SourceDate "1998.04.29"]

1. c4 e5 2. Nc3 Nf6 3. g3 Nc6 4. Bg2 d6 5. e3 Be6 6. b3 d5 7. d4 Bb4 8. Nge2
exd4 9. exd4 dxc4 10. Be3 O-O 11. O-O Nd5 12. Rc1 cxb3 13. axb3 Ba3 14. Nxd5
Bxc1 15. Nef4 Bxe3 16. fxe3 Bxd5 17. Nxd5 f5 18. Qc2 Qd6 19. Nf4 Rae8 20. d5
Nd8 21. e4 fxe4 22. Bxe4 g6 23. h4 Qe5 24. Re1 Rxf4 25. gxf4 Qxf4 26. Qg2 Qxh4
27. Re2 Kg7 28. Re3 Nf7 29. Qb2+ Qf6 30. Qg2 Nd6 31. Qe2 Qd4 0-1

[Event "Bad Woerishofen op"]
[Site "?"]
[Date "2000.??.??"]
[Round "6"]
[White "Michalowski, Richard"]
[Black "Stoll, Richard"]
[Result "1/2-1/2"]
[WhiteElo "1591"]
[BlackElo "1696"]
[Annotator "ChessOrg"]
[PlyCount "69"]
[EventDate "2000.??.??"]
[Source "ChessBase"]
[SourceDate "1998.04.29"]

1. c4 g6 2. d4 Bg7 3. Nc3 d6 4. e4 Nc6 5. Be3 e5 6. d5 Nce7 7. Bd3 Nh6 8. h3 f5
9. f3 Nf7 10. Nge2 c5 11. g3 a6 12. Qd2 Bd7 13. a3 Rb8 14. b4 b6 15. Kf2 h6 16.
h4 fxe4 17. fxe4 O-O 18. Kg2 Bg4 19. Raf1 Kh7 20. Rf2 Qd7 21. Ng1 Nh8 22. Rxf8
Rxf8 23. Be2 h5 24. Qd1 Bxe2 25. Qxe2 Ng8 26. Nh3 Bf6 27. Ng5+ Bxg5 28. hxg5
Kg7 29. Rf1 Rxf1 30. Qxf1 Qg4 31. Qf3 Qd7 32. b5 a5 33. Ne2 Qe7 34. Ng1 Nf7 35.
Nh3 1/2-1/2

[Event "Bad Woerishofen op"]
[Site "?"]
[Date "2000.??.??"]
[Round "8"]
[White "Michalowski, Richard"]
[Black "Reinke, Kurt"]
[Result "0-1"]
[WhiteElo "1591"]
[BlackElo "1786"]
[Annotator "ChessOrg"]
[PlyCount "54"]
[EventDate "2000.??.??"]
[Source "ChessBase"]
[SourceDate "1998.04.29"]

1. c4 f5 2. d4 Nf6 3. Nc3 e6 4. g3 c6 5. Bg2 d5 6. cxd5 cxd5 7. e3 Be7 8. Nge2
O-O 9. O-O Nc6 10. b3 Bd7 11. Bb2 Rc8 12. Rc1 Qe8 13. Qd2 Qg6 14. Nf4 Qf7 15.
Nd3 b6 16. f3 Qh5 17. e4 fxe4 18. Nf4 Qh6 19. fxe4 Nxd4 20. exd5 Bc5 21. Kh1 e5
22. Nce2 Nxe2 23. Qxe2 exf4 24. Bxf6 fxg3 25. h3 Bxh3 26. Bxg7 Bxg2+ 27. Kxg2
Qh2# 0-1

[Event "Bad Woerishofen op"]
[Site "?"]
[Date "2000.??.??"]
[Round "2"]
[White "Miessner, Rolf"]
[Black "Schuller, Erhard"]
[Result "0-1"]
[WhiteElo "1750"]
[BlackElo "1523"]
[Annotator "ChessOrg"]
[PlyCount "92"]
[EventDate "2000.??.??"]
[Source "ChessBase"]
[SourceDate "1998.04.29"]

1. e4 c5 2. Nf3 Nc6 3. c3 d6 4. d4 cxd4 5. cxd4 e6 6. Nc3 a6 7. a3 b5 8. b4 Nf6
9. Bd3 Bb7 10. Bg5 Be7 11. O-O h6 12. Bh4 Rc8 13. Rc1 g5 14. d5 gxh4 15. dxc6
Bxc6 16. e5 Nd5 17. Be4 Nxc3 18. Bxc6+ Rxc6 19. Qd3 Qc7 20. Rc2 Nd5 21. Rfc1
Rxc2 22. Rxc2 Qb7 23. Qd2 Kd7 24. exd6 Bxd6 25. Nxh4 Bf4 26. Qd3 Bg5 27. Nf3
Bf6 28. Nd2 Be7 29. Ne4 Rc8 30. g3 Rxc2 31. Qxc2 Qc6 32. Qd2 f5 33. Nc5+ Bxc5
34. bxc5 Qxc5 35. Qxh6 Qxa3 36. Qg7+ Qe7 37. Qa1 Nc7 38. Qd4+ Qd6 39. Qg7+ Kc6
40. Qc3+ Kb6 41. h4 b4 42. Qe3+ Qc5 43. Qf4 b3 44. Qd2 Nd5 45. h5 Qc3 46. Qg5
b2 0-1

[Event "Bad Woerishofen op"]
[Site "?"]
[Date "2000.??.??"]
[Round "4"]
[White "Miessner, Rolf"]
[Black "Schoen, Siegfried"]
[Result "1/2-1/2"]
[WhiteElo "1750"]
[BlackElo "1551"]
[Annotator "ChessOrg"]
[PlyCount "37"]
[EventDate "2000.??.??"]
[Source "ChessBase"]
[SourceDate "1998.04.29"]

1. e4 d5 2. exd5 Qxd5 3. Nc3 Qa5 4. Bc4 c6 5. Nge2 Bf5 6. O-O Nf6 7. a3 e6 8.
d3 Bd6 9. Ng3 Bg6 10. Re1 O-O 11. Nce4 Nxe4 12. Nxe4 Qc7 13. Nxd6 Qxd6 14. d4
Nd7 15. c3 b5 16. Be2 Nb6 17. Bf3 Rac8 18. g3 Nd5 19. Be3 1/2-1/2